Countries With the Most Islands - Statistics

General Stats
  • This quiz has been taken 65 times
  • The average score is 10 of 14
Answer Stats
Island # Country % Correct
17,504 Indonesia
96%
52,455 Canada
93%
7,641 Philippines
93%
5,000 Chile / China
89%
239,057 Norway
88%
267,570 Sweden
88%
18,617 United States
88%
14,125 Japan
86%
178,947 Finland
84%
8,222 Australia
79%
4,400 South Korea
51%
4,000 Vietnam
40%
3,579 North Korea
33%
4,195 Cuba
21%
No matching quizzes found
Score Distribution
Percent of People with Each Score
Percentile by Number Answered
Your Score History
You have not taken this quiz